X-Men Members in Television Quiz Stats

 Plays Quiz not verified by Sporcle

Also try: TV Show by Surname
Challenge
Share
Tweet
Embed
Score 0/21 Timer 07:00
0 Plays Today
Show X-Men % Correct
X-Men (American animated series)Wolverine
97.7%
X-Men (American animated series)Cyclops
97.3%
X-Men (American animated series)Professor-X
96.7%
X-Men (American animated series)Jean Grey/Phoenix
94.5%
X-Men (American animated series)Storm
92.8%
X-Men (American animated series)Beast
92.2%
X-Men (American animated series)Rogue
92.2%
X-Men (American animated series)Gambit
87.9%
X-Men EvolutionShadowcat
87.7%
X-Men EvolutionNightcrawler
87.1%
Wolverine and the X-Men Iceman
86.9%
Show X-Men % Correct
X-Men (American animated series)Jubilee
85%
Wolverine and the X-Men Angel/Archangel
74.4%
Wolverine and the X-Men Colossus
71.7%
Wolverine and the X-Men Emma Frost
63.3%
X-Men (American animated series)Morph
57%
X-Men EvolutionSpyke
53.1%
Wolverine and the X-Men Forge
46.3%
Pryde of the X-MenDazzler
46.1%
X-Men (Japan anime series)Armor
36.1%
Spider-Man and His Amazing FriendsThunderbird
31.6%

You're not logged in!

Compare scores with friends on all Sporcle quizzes.
OR
Log In

You Might Also Like...

Show Comments

Extras

Top Quizzes Today


Score Distribution

Your Account Isn't Verified!

In order to create a playlist on Sporcle, you need to verify the email address you used during registration. Go to your Sporcle Settings to finish the process.

Report this User

Report this user for behavior that violates our Community Guidelines.

Details: